000 00623nam a22002057a 4500
003 OSt
005 20140310182826.0
008 130528t xxu||||| |||| 00| 0 eng d
020 _a9711012014
050 _aDS 657
_b.L429 2010
082 _aFIL 959.9
_bL455 2010
245 _aA tourist guide to notable :
_cLayug, Benjamin L.
_bPhilippine historical landmarks, monuments, and shrines /
260 _aQuezon City, Philippines :
_bNew Day Publishers,
_c2010.
300 _a110 p.
_b ill.
_c23 cm.
521 _acollege students
526 _c1210L-1700L
541 _j1
562 _e1
942 _2lcc
_cBK
_kFIL
999 _c16493
_d16493